=LDR 00000nam 2200000 4500 =001 INLIS000000000021602 =005 20130612120440 =008 ***********************************Ind** =035 ##$$0010-061300000021602 =041 ##$$a Ind =082 ##$$a F.Rom.K =090 ##$$a F.Rom.K, Mul k =100 ##$$a Mulyanto =245 ##$$a Kisah-kisah teladan untuk keluarga, pengasah kecerdasan spiritual, Mulyanto =260 ##$$a 2004 $b Jakarta =300 ##$$a xii, 130 hlm, ilus, 32 cm =650 ##$$a Fiksi anak =850 ##$$a NBPNMAT